Mangas de A à Z - Statistiques

Statistiques générales
  • Ce quiz a été pris 10 574 fois
  • Le résultat moyen est 8 sur 26
Statistiques - réponses
Lettres Indices Mangas % Correct
A Des élèves ont pour mission de tuer leur professeur Assassination Classroom
97%
D N'écrivez surtout pas votre nom dans un cahier Death Note
96%
M 80% de la population possède un pouvoir My Hero Academia
82%
J Un exorciste doit manger tout les doigts d'un fléau Jujutsu Kaizen
80%
F Le héros peut voler grâce aux flammes de ses pieds Fire Force
67%
T Un homme est poussé du quai du métro, et se retrouve 12 ans en arrière au lieu de se faire écraser Tokyo Revengers
53%
K Un sportif intègre un nouveau lycée et a la faculté de diriger l'attention ailleurs que sur lui Kuroko no Basket
47%
B Un manga qui raconte la création d'un manga Bakuman
42%
N Deux filles portant le même nom se rencontre dans le train Nana
39%
O Alors qu'un chef de guilde attends la fermeture des serveurs d'un jeu, le voilà toujours dans le jeu après l'arrêt de ceux-ci Overlord
30%
P Un système informatique est capable de prévoir les intentions criminelles de la population Psycho-Pass
27%
S Des élèves se changent en armes pour combattre des sorcières Soul Eater
22%
E Une fille aux bras invisible s'échappe d'un laboratoire en faisant un carnage Elfen Lied
19%
C Une fillette court après des cartes Card Captor Sakura
18%
H Un vampire chasse ses semblables avec une organisation Hellsing
17%
R Un prince se lie d'amitié avec une ombre Ranking of Kings
15%
Y Un ado meurt inutilement en sauvant un enfant d'un accident, car l'enfant aurait également survécu sans son intervention Yu Yu Hakusho
11%
L Ecole de jeunes sorcières Little Witch Academia
9%
I Un homme est transformé en robot après avoir été écrasé par un vaisseau extraterrestres Inuyashiki
7%
Z Un groupe d'idole morte-vivante Zombieland Saga
7%
G Un héros de guerre fait une collection de tatouage Golden Kamuy
4%
U Sur les 14 guerriers envoyés combattre une armée des ténèbres, 7 sont revenus, 3 sont morts au combat, et 4 ont été exécutés pour trahison Ubel Blatt
3%
X Pour se débarrasser de sa capacité à voir les esprits, un homme va aider une sorcière dans un commerce de vœux xxxHOLiC
3%
Q Se remettant difficilement de sa cuite de la veille, un homme se trompe de train et se retrouve dans la ville de son enfance où il va revivre ses 14 ans Quartier Lointain
2%
W Des loups peuvent se transformer en humain pour éviter d'être exterminer Wolf's Rain
2%
V Trois hommes sont contraints de collaborer avec le groupe de femmes pirates ayant volé leur vaisseau Vandread
1%
Aucun quiz correspondant
Distribution des résultats
% des personnes avec chaque résultat
Percentile par nombre de réponses
Votre historique - résultats
Vous n’avez pas pris ce quiz